| 000 | 00835nam a22002777a 4500 | ||
|---|---|---|---|
| 001 | 0074 | ||
| 003 | DO-SdBNP | ||
| 005 | 20180126103254.0 | ||
| 007 | 0074 | ||
| 008 | 151207b ag 1987 xxu||||| |||| 00| 0 spa d | ||
| 020 | _a9500805138 | ||
| 040 |
_aBPMSU _bspa _cBPMSU |
||
| 092 |
_axxxxxxx _bxxxxxxx |
||
| 100 | 1 | 0 | _aPackard, Edward |
| 245 | 1 | 3 |
_aEl hiperespacio / _cEdward Packard ; ilustración Anthony Kramer ; traducción Carlos Coldaroli |
| 250 | _a2a ed. | ||
| 260 |
_aBuenos Aires : _bAtlántida, _c1987. |
||
| 490 | 1 | 0 |
_aElige tu propia aventura _v21 |
| 500 | _aIncluye notas al pie de las páginas | ||
| 700 | 1 | 0 |
_aKramer, Anthony, _eil. |
| 700 | 1 | 0 |
_aColdaroli, Carlos, _etr. |
| 830 | 0 | 0 |
_aElige tu propia aventura _n21 |
| 942 |
_2ddc _cBK |
||
| 945 | _aInventariado extranjero / 2018 VM | ||
| 956 | _aBrenda Tavárez | ||
| 999 |
_c9030 _d9030 |
||